1736 1748 1639 1015 1018 1050 1278 1909 1215 1947 1982 1676 1681 1918 1089 1808 1660 1054 1830 1963 1288 1299 1959 1990 1509 1616 1671 1231 1545 1060 1913 1460 1424 1872 1584 1102 1848 1438 1609 1981 1363 1609 1889 1387 1989 1068 1315 1474 1043 1994 1180 1498 1497 1835 1363 1223 1412 1762 1672 1735 1596 1562 1332 1651 1381 1001 1740 1589 1436 1342 1239 1526 1397 1953 1437 1729 1490 1945 1326 1197 1240 1267 1699 1217 1280 1934 1123 1171 1748 1589 1811 1218 1608 1123 1759 1641 1519 1980 1766 BCNSPRNW ULIB Ver.6.0+V

เปลี่ยนเป็นภาษาไทย

Change to English
 แสดงรายละเอียดบรรณานุกรม
  กลับหน้าหลัก

Brief Record : Get Marc (ISO 2709) : E-mail record : QR code < ปิดหน้าต่าง
LEADER : 00000nam 2200000uu 4500
001    13399113543
003     ULIB
008    111125s2550||||th 000 0 tha d
020    ^a9789740582632
090    ^aนว.^bฌ111ร 2550
100 0  ^aฌามิวอาห์
245 00 ^aรักเดียวที่กลางใจ/^cฌามิวอาห์
250    ^aพิมพ์ครั้งที่ 2
260    ^aกรุงเทพฯ :^bแจ่มใส,^c2550
300    ^a327 หน้า
710 1  ^aแจ่มใส
945    ^p199^l0^i15301
995    ^aกัณชพร
999    ^aใช้งานได้ทุกระบบ
รายการนี้ยังไม่มีแท็ก
คุณยังไม่ได้ล็อกอิน คุณสามารถมีกิจกรรมร่วมกับเว็บไซต์ได้ แต่ต้องล็อกอินก่อน ::
  ล็อกอิน

รายการสื่อสารสนเทศ

ลำดับที่ ประเภท เลขเรียก/บาร์โค้ด สถานที่ สถานะ
1. นวนิยาย
นวนิยาย
นว. ฌ111ร 2550  
  Barcode: 15301
ห้องสมุดวิทยาเขตสวรรค์ประชารักษ์
►นวนิยาย
บนชั้น
  ขอยืม

รายการใกล้เคียง
    ผู้แต่ง [ฌามิวอาห์]

BibComment


ยังไม่เคยถูกคอมเมนท์

คอมเมนท์ทรัพยากรรายการนี้
  คอมเมนท์: รักเดียวที่กลางใ..


 Copyright 2026. Bcnsprnw @Library